Technology of the machine shop.

Bibliographic Details
Main Author: Town, H. C. (Harold Clifford)
Format: Book
Language:English
Published: London, New York : Longmans, Green, [1951]
Subjects:

MARC

Tag First Indicator Second Indicator Subfields
LEADER 00000cam a2200000 4500
001 in00000040342
005 20151007072437.0
008 770414s1951 enka 00000 eng
010 |a  51013552  
035 |a (OCoLC)02888314 
035 |9 AAE7888AM 
040 |a DLC  |c DMM  |d TXA  |d UtOrBLW 
049 |a TXAM  |c [374384] 
050 0 0 |a TJ1185  |b .T62 
082 0 |a 621.9 
092 |a 621.9  |b T743t 
100 1 |a Town, H. C.  |q (Harold Clifford) 
245 1 0 |a Technology of the machine shop. 
264 1 |a London,  |a New York :  |b Longmans, Green,  |c [1951] 
300 |a 366 pages :  |b illustrations ;  |c 23 cm. 
336 |a text  |b txt  |2 rdacontent 
337 |a unmediated  |b n  |2 rdamedia 
338 |a volume  |b nc  |2 rdacarrier 
650 0 |a Machine-tools. 
999 |a MARS 
999 f f |s dd28d7e6-14b9-3969-8207-a21c4aaf5a0a  |i 9218a461-7946-3b19-a715-7ef2e79aaa26  |t 0 
952 f f |p ric  |a Texas A&M University  |b Rellis Campus  |c Joint Library Facility  |d Remote Storage  |t 0  |e TJ1185 .T62  |h Library of Congress classification  |i unmediated -- volume  |m A14801043430 
998 f f |a TJ1185 .T62  |t 0  |l Remote Storage